[Event "ROM-ch U10 Girls"]
[Site "Calimanesti"]
[Date "2018.04.01"]
[Round "7"]
[White "Stefaniu, Irina Maria"]
[Black "Malaieru, Alexandra Gabriela1"]
[Result "1/2-1/2"]
[WhiteElo "1001"]
[BlackElo "1037"]
[PlyCount "129"]
[EventDate "2018.03.27"]
[EventType "swiss"]
[EventRounds "9"]
[EventCountry "ROU"]
[SourceTitle "CBM 183 Extra"]
[Source "ChessBase"]
[SourceDate "2018.04.19"]
[SourceVersion "1"]
[SourceVersionDate "2018.04.19"]
[SourceQuality "1"]

1. e4 c5 2. Bc4 a6 3. a4 e6 4. Nc3 d6 5. Nf3 Nf6 6. Qe2 Be7 7. 0-0 0-0 8. d3 Nbd7 9. Be3 Nb6 10. Rfd1 d5 11. Bb3 d4 12. e5 dxe3 13. exf6 exf2+ 14. Qxf2 Bxf6 15. Rd2 Bd7 16. Rad1 e5 17. Qxc5 Rc8 18. Qe3 Re8 19. Qf2 Bg4 20. h3 Be7 21. hxg4 Bc5 22. d4 exd4 23. Nxd4 Rc7 24. Kf1 Rce7 25. Qf4 Bd6 26. Qf3 Kh8 27. Re2 Rxe2 28. Ndxe2 Qe7 29. Kg1 Bc5+ 30. Kh1 Qh4+ 31. Qh3 Qf2 32. Qf3 Qxf3 33. gxf3 h6 34. Bxf7 Rf8 35. Bd5 Nxd5 36. Nxd5 Rxf3 37. Rd3 Rf1+ 38. Kg2 Rf2+ 39. Kg3 Rxe2 40. Rc3 Bd6+ 41. Kf3 Rd2 42. Rd3 Rxc2 43. Rb3 Rh2 44. Rxb7 Rh3+ 45. Ke4 Rh4 46. Rb6 Rxg4+ 47. Kf5 Rg5+ 48. Ke6 Rg6+ 49. Kd7 h5 50. Rxd6 Rxd6+ 51. Kxd6 h4 52. Ne3 h3 53. Nf1 Kh7 54. Ke5 Kh6 55. Kf4 g5+ 56. Kg4 a5 57. Kxh3 Kh5 58. Ng3+ Kg6 59. Kg4 Kf6 60. Ne4+ Ke5 61. Nc5 Kd5 62. Nb3 Kc4 63. Nxa5+ Kb4 64. Nc6+ Kxa4 65. Kxg5 1/2-1/2

[Event "ROM-ch U10 Girls"]
[Site "Calimanesti"]
[Date "2018.03.29"]
[Round "4"]
[White "Moraru, Ana Alina"]
[Black "Stefaniu, Irina Maria"]
[Result "1-0"]
[WhiteElo "1101"]
[BlackElo "1001"]
[PlyCount "73"]
[EventDate "2018.03.27"]
[EventType "swiss"]
[EventRounds "9"]
[EventCountry "ROU"]
[SourceTitle "CBM 183 Extra"]
[Source "ChessBase"]
[SourceDate "2018.04.19"]
[SourceVersion "1"]
[SourceVersionDate "2018.04.19"]
[SourceQuality "1"]

1. d4 d5 2. Nf3 c5 3. c4 e6 4. g3 Nf6 5. Bg2 Nc6 6. e3 Bd6 7. 0-0 0-0 8. Nbd2 Re8 9. Qc2 g6 10. Re1 e5 11. b3 Bf5 12. Qd1 Qd7 13. Bb2 Re7 14. Rc1 b6 15. a3 Bg4 16. Qc2 Rae8 17. Rf1 e4 18. Ne1 a5 19. Qc3 Qf5 20. Nc2 Ra8 21. f4 g5 22. dxc5 Bxc5 23. Rfe1 gxf4 24. Qxf6 Qxf6 25. Bxf6 Re6 26. Bg5 fxg3 27. hxg3 Re5 28. Bf6 Rh5 29. Nf1 Ra7 30. cxd5 Rxd5 31. Bxe4 Rd6 32. Nh2 Rxf6 33. Nxg4 Re6 34. Rf1 Rd7 35. Nf6+ Rxf6 36. Rxf6 Ne5 37. Rh6 1-0